[Event "Women's Speed Chess Q7"]
[Site "chess.com INT"]
[Date "2021.06.06"]
[Round "18"]
[White "Antolak, Julia"]
[Black "Padmini, Rout"]
[Result "0-1"]
[WhiteTitle "WIM"]
[BlackTitle "IM"]
[WhiteElo "2309"]
[BlackElo "2370"]
[WhiteFideId "1159569"]
[BlackFideId "5029295"]
[EventDate "2021.06.06"]

1. e4 c5 2. Nf3 e6 3. d4 cxd4 4. Nxd4 Nc6 5. Nc3 Qc7 6. Qd3 a6 7. Nxc6 bxc6 8.
Qg3 d6 9. Bd3 Nf6 10. Be3 Qb8 11. b3 d5 12. Qxb8 Rxb8 13. Ke2 Bb4 14. Na4 Nxe4
15. Bxe4 dxe4 16. Rad1 f5 17. Bf4 Rb7 18. c3 Be7 19. Be5 Kf7 20. Rd4 a5 21. Rhd1
Re8 22. c4 g5 23. f3 exf3+ 24. gxf3 f4 25. Kf2 Ra7 26. Bd6 Bf6 27. R4d3 e5 28.
Bc5 Rb7 29. Rd6 Bf5 30. Rxc6 Bd7 31. Rcd6 Bxa4 32. bxa4 Rb2+ 33. R1d2 Reb8 34.
Rd7+ Kg6 35. Ba7 R8b4 36. c5 g4 37. c6 gxf3 38. c7 Rxd2+ 39. Rxd2 Rc4 40. Bb6 e4
41. Rd5 Rc2+ 42. Ke1 e3 43. Rc5 Rxh2 44. Kd1 e2+ 45. Kd2 Rh1 46. c8=Q e1=Q+ 47.
Kd3 Qe2# 0-1

[Event "Women's Speed Chess Q7"]
[Site "chess.com INT"]
[Date "2021.06.06"]
[Round "18"]
[White "Frayna, Janelle Mae"]
[Black "Tokhirjonova, Gulrukhbegim"]
[Result "0-1"]
[WhiteTitle "WGM"]
[BlackTitle "WGM"]
[WhiteElo "2179"]
[BlackElo "2344"]
[WhiteFideId "5212499"]
[BlackFideId "14203626"]
[EventDate "2021.06.06"]

1. d4 Nf6 2. c4 e6 3. Nc3 d5 4. cxd5 exd5 5. Bg5 Be7 6. Qc2 c6 7. e3 O-O 8. Bd3
Nbd7 9. Nge2 Re8 10. O-O Nf8 11. Bh4 Nh5 12. Bxe7 Qxe7 13. Rae1 Nf6 14. Ng3 Ng6
15. f3 Qd8 16. Kh1 Be6 17. Nf5 Qb6 18. Na4 Qc7 19. Nc5 Rad8 20. Qd2 Bc8 21. Bb1
Nh5 22. Qf2 b6 23. Nb3 c5 24. dxc5 bxc5 25. Rc1 c4 26. Nbd4 Qb8 27. b3 Qb6 28.
bxc4 dxc4 29. Rxc4 Ba6 30. Rc6 Qb7 31. Rfc1 Ne5 32. Rc7 Qb6 33. Be4 Rc8 34. Rxc8
Rxc8 35. Rxc8+ Bxc8 36. Qc2 Bd7 37. Ne7+ Kf8 38. Nd5 Qa5 39. Nc3 Nf6 40. h3 Nc4
41. Qe2 Qxc3 42. Bd3 Ne5 43. Be4 Nxe4 44. fxe4 Qd3 45. Qb2 Qf1+ 46. Kh2 Qf6 47.
Qb8+ Ke7 48. Qb4+ Qd6 49. Qb7 Nf3+ 0-1

[Event "Women's Speed Chess Q7"]
[Site "chess.com INT"]
[Date "2021.06.06"]
[Round "18"]
[White "Petrova, Irina"]
[Black "Varshini, V"]
[Result "0-1"]
[WhiteTitle "WIM"]
[BlackTitle "WGM"]
[WhiteElo "2110"]
[BlackElo "2226"]
[WhiteFideId "14124122"]
[BlackFideId "5091241"]
[EventDate "2021.06.06"]

1. e4 c5 2. Nf3 d6 3. Bb5+ Bd7 4. Bxd7+ Nxd7 5. c4 Ngf6 6. Nc3 e6 7. O-O Rc8 8.
b3 Be7 9. d4 cxd4 10. Nxd4 a6 11. Be3 O-O 12. Rc1 Nc5 13. f3 d5 14. cxd5 exd5
15. e5 Nfd7 16. f4 Ne4 17. Nxd5 Ndc5 18. Nxe7+ Qxe7 19. Nf5 Qe6 20. Bxc5 Nxc5
21. Nd6 Rc7 22. Qf3 Rd8 23. Rfd1 h6 24. Kh1 b6 25. h3 Rcd7 26. b4 Na4 27. Rd4 b5
28. Rcd1 Nb2 29. Re1 Nc4 30. f5 Qe7 31. f6 Qe6 32. Qg3 g6 33. Rh4 Rxd6 34. Rxh6
Rd1 35. Rxd1 Rxd1+ 36. Kh2 Qxe5 37. Qxe5 Nxe5 38. Rh4 Nd7 39. Rf4 Rd6 40. g4
Nxf6 41. g5 Nd5 42. Rd4 Kf8 43. Kg3 Ke7 44. Kf3 Nc3 45. Rh4 Nxa2 46. Ke4 Nxb4
47. Rh8 Nc6 48. Ra8 a5 49. Ke3 b4 50. h4 b3 51. h5 gxh5 0-1

[Event "Women's Speed Chess Q7"]
[Site "chess.com INT"]
[Date "2021.06.06"]
[Round "18"]
[White "Von Herman, Brigitte"]
[Black "Selkirk, Rebecca"]
[Result "0-1"]
[WhiteTitle "WFM"]
[BlackTitle "WCM"]
[WhiteElo "1991"]
[BlackElo "1799"]
[WhiteFideId "4628730"]
[BlackFideId "14306514"]
[EventDate "2021.06.06"]

1. e4 c6 2. d4 d5 3. exd5 cxd5 4. Bd3 Nc6 5. c3 Nf6 6. h3 g6 7. Nf3 Bg7 8. O-O
O-O 9. Re1 Bf5 10. Bf1 Qc7 11. Bg5 Rab8 12. Nbd2 b5 13. a3 a5 14. b4 axb4 15.
axb4 h6 16. Bh4 g5 17. Bg3 e5 18. Nxe5 Nxe5 19. Bxe5 Qxc3 20. Bxb8 Rxb8 21. Nf3
Qxb4 22. Bd3 Bxd3 23. Qxd3 Ne4 24. Ne5 Qd6 25. Ng4 b4 26. Rab1 Qb6 27. Ne5 Bxe5
28. dxe5 Qxf2+ 29. Kh1 Ng3+ 30. Kh2 Ne4 31. Qxd5 Qg3+ 32. Kh1 Nf2+ 33. Kg1 Nxh3+
34. Kh1 Nf4 35. Qf3 Qh4+ 36. Kg1 b3 37. Re3 b2 38. Qg3 Qh5 39. Qf2 Qg6 40. Rxb2
Rxb2 41. Qxb2 Qe6 42. Qb8+ Kh7 43. Qb7 Kg6 44. Qe4+ Kg7 45. Rf3 Qb6+ 46. Kh2 Qb2
47. Rg3 Qf2 48. Qf3 Qd2 49. e6 fxe6 50. Qb7+ Kf6 51. Rf3 Qxg2# 0-1

[Event "Women's Speed Chess Q7"]
[Site "chess.com INT"]
[Date "2021.06.06"]
[Round "18"]
[White "Fernandez, Maria Florencia"]
[Black "Kulkarni, Bhakti"]
[Result "0-1"]
[WhiteTitle "WIM"]
[BlackTitle "IM"]
[WhiteElo "2229"]
[BlackElo "2391"]
[WhiteFideId "116459"]
[BlackFideId "5019516"]
[EventDate "2021.06.06"]

1. d4 Nf6 2. c4 c5 3. d5 b5 4. cxb5 a6 5. bxa6 d6 6. Nc3 g6 7. e4 Bg7 8. Nf3 O-O
9. Be2 Bxa6 10. O-O Qb6 11. a4 Bxe2 12. Qxe2 Nbd7 13. h3 Rfb8 14. Ra3 Ra5 15.
Re1 Rba8 16. Qc2 c4 17. Be3 Nc5 18. Nd4 R5a7 19. Nc6 Rb7 20. a5 Qxb2 21. Qxb2
Rxb2 22. Bxc5 dxc5 23. Nxe7+ Kf8 24. d6 Rb3 25. Rea1 Ke8 26. f3 Kd7 27. R1a2
Kxd6 28. Ned5 Nxd5 29. Nxd5 Bd4+ 30. Kh2 Ra6 31. Nb6 Rxa3 32. Nxc4+ Kc6 33. Rxa3
Kb5 34. Nd6+ Kb4 35. Nxf7 Kxa3 36. Ng5 Rxa5 37. Nxh7 Be5+ 38. g3 c4 39. f4 c3
40. fxe5 c2 41. e6 c1=Q 42. h4 Re5 43. Ng5 Qd2+ 44. Kh3 Qe1 45. Kg4 Qe2+ 46. Kf4
Rc5 47. e7 Rc8 48. Ke5 Re8 49. Kf6 Qf2+ 50. Kxg6 Rxe7 51. h5 Qxg3 52. h6 Re5 53.
h7 Rxg5+ 54. Kf7 Qh4 55. Kf6 Qh6+ 56. Kf7 Rg7+ 57. Ke8 Qxh7 58. e5 Qh8# 0-1

[Event "Women's Speed Chess Q7"]
[Site "chess.com INT"]
[Date "2021.06.06"]
[Round "18"]
[White "Nanditha, V"]
[Black "Belenkaya, Dina"]
[Result "1-0"]
[WhiteTitle "WCM"]
[BlackTitle "WGM"]
[WhiteElo "1666"]
[BlackElo "2341"]
[WhiteFideId "46626697"]
[BlackFideId "24142654"]
[EventDate "2021.06.06"]

1. e4 d5 2. Nc3 dxe4 3. Nxe4 Nf6 4. Nxf6+ exf6 5. d4 Bd6 6. Bd3 O-O 7. c3 Re8+
8. Ne2 Nd7 9. Be3 Nf8 10. Qd2 Be6 11. Ng3 Qd7 12. O-O f5 13. f4 g6 14. c4 c6 15.
Rad1 Qc7 16. Bb1 Rad8 17. Qf2 Bxc4 18. Rfe1 Bd5 19. h4 Be4 20. Bxe4 fxe4 21. h5
Nd7 22. h6 Nf6 23. Nf1 Ng4 24. Qh4 f5 25. g3 Be7 26. Qh3 Bf6 27. Qg2 Nxe3 28.
Nxe3 Bxd4 29. Kh1 Qb6 30. Nc2 Bf6 31. b3 Qa6 32. Qf2 Qxa2 33. Kh2 Qxb3 34. Re3
Qc4 35. Rxd8 Rxd8 36. Re2 b6 37. Ne3 Qc5 38. Rc2 Qd4 39. Qe2 c5 40. Nf1 Qd3 41.
Qg2 c4 42. Rd2 Qf3 43. Rxd8+ Bxd8 44. Qd2 Qd3 45. Qc1 Bf6 46. Ne3 Qe2+ 47. Kh3
b5 48. Nc2 Qd3 49. Nb4 Qd6 50. Na6 Qxa6 51. Qd1 Qc8 52. Qd5+ Kh8 53. Qf7 Qd8 54.
g4 c3 55. g5 1-0

[Event "Women's Speed Chess Q7"]
[Site "chess.com INT"]
[Date "2021.06.06"]
[Round "18"]
[White "Zaichenko, Daria"]
[Black "Sviridova, Vlada"]
[Result "0-1"]
[WhiteTitle "WFM"]
[BlackTitle "WFM"]
[WhiteElo "2104"]
[BlackElo "2144"]
[WhiteFideId "4197453"]
[BlackFideId "24109606"]
[EventDate "2021.06.06"]

1. e4 e6 2. d4 d5 3. e5 c5 4. c3 Qb6 5. Nf3 Nc6 6. a3 c4 7. Be2 Bd7 8. Nbd2 Na5
9. O-O Ne7 10. Rb1 h6 11. Ne1 Qc7 12. f4 Nc8 13. Nef3 Nb6 14. Re1 Ba4 15. b3
cxb3 16. Bb2 Nbc4 17. Nxc4 Nxc4 18. Bxc4 Qxc4 19. Qd2 O-O-O 20. Qe3 Kb8 21. Nd2
Qa6 22. Rbc1 Rc8 23. Qf3 Be7 24. f5 Bg5 25. Re2 exf5 26. Rce1 Qe6 27. Nf1 g6 28.
Ne3 Bb5 29. Rf2 Bc4 30. Nxc4 Rxc4 31. Qd1 Qb6 32. Qf3 Rd8 33. Kh1 h5 34. h3 Bh4
35. g3 Be7 36. Rfe2 Qe6 37. Re3 a5 38. a4 Rc7 39. Qd1 Qb6 40. e6 f6 41. Qf3 Qc6
42. Ra1 Qc4 43. Kh2 Re8 44. Qe2 Qxe2+ 45. Rxe2 Bd6 46. Rb1 Rce7 47. Kg2 Rxe6 48.
Rxe6 Rxe6 49. Kf2 f4 50. g4 h4 51. Bc1 b2 52. Rxb2 Ba3 53. Rc2 Bxc1 54. Rxc1 Re3
55. Rb1 Rxh3 56. Rb5 Rxc3 57. Rxd5 h3 58. Kg1 f3 59. Rd6 Rc1+ 60. Kh2 f2 61.
Rxf6 f1=Q 62. Rxf1 Rxf1 63. Kxh3 Rd1 64. Kh4 Rxd4 65. Kg5 Rxa4 66. Kxg6 Rxg4+
67. Kf6 Rc4 0-1

[Event "Women's Speed Chess Q7"]
[Site "chess.com INT"]
[Date "2021.06.06"]
[Round "18"]
[White "Fominykh, Maria"]
[Black "Nurmanova, Alua"]
[Result "0-1"]
[WhiteTitle "WGM"]
[BlackTitle "WFM"]
[WhiteElo "2206"]
[BlackElo "2093"]
[WhiteFideId "4142411"]
[BlackFideId "13729390"]
[EventDate "2021.06.06"]

1. d4 Nf6 2. c4 g6 3. Nf3 Bg7 4. Nc3 O-O 5. e4 d6 6. h3 Nc6 7. Be3 e5 8. d5 Ne7
9. g4 h5 10. g5 Nh7 11. Qd2 c6 12. O-O-O cxd5 13. cxd5 Bd7 14. Kb1 Qa5 15. Rc1
Rfc8 16. Bd3 a6 17. Rc2 b5 18. Rhc1 b4 19. Ne2 Rab8 20. Rxc8+ Nxc8 21. h4 Bb5
22. b3 Bxd3+ 23. Qxd3 Nf8 24. Rc6 Nd7 25. Qxa6 Qd8 26. Nc1 f6 27. gxf6 Bxf6 28.
Bg5 Bxg5 29. Nxg5 Nc5 30. Qe2 Ne7 31. Rxc5 dxc5 32. Ne6 Qd6 33. Qf1 Ra8 34. Qc4
Ra5 35. Nd3 Nc8 36. Ndxc5 Nb6 37. Qxb4 Ra8 38. Nd3 Qxb4 39. Nxb4 Kf7 40. Nc6 Kf6
41. a4 Nd7 42. Kc2 Rc8 43. Kd3 Nb6 44. Kc3 Rxc6+ 45. dxc6 Kxe6 46. a5 Nc8 47. b4
Kd6 48. b5 Kc5 49. b6 Kxc6 50. Kb4 Nd6 51. Kc3 Nxe4+ 52. Kd3 Nxf2+ 53. Ke3 Ng4+
54. Ke4 Kb7 55. Kd5 Kb8 56. Ke4 Kc8 0-1

[Event "Women's Speed Chess Q7"]
[Site "chess.com INT"]
[Date "2021.06.06"]
[Round "18"]
[White "Babiy, Olga"]
[Black "Kashlinskaya, Alina"]
[Result "1-0"]
[WhiteTitle "WGM"]
[BlackTitle "IM"]
[WhiteElo "2280"]
[BlackElo "2494"]
[WhiteFideId "14117258"]
[BlackFideId "4198026"]
[EventDate "2021.06.06"]

1. d4 e6 2. Nf3 d5 3. Bf4 Bd6 4. e3 Nf6 5. Nbd2 c5 6. c3 Bxf4 7. exf4 cxd4 8.
Nxd4 Nc6 9. N4f3 O-O 10. Bd3 Qd6 11. g3 Bd7 12. O-O Rac8 13. Re1 Ne7 14. Ne5 Bc6
15. Ndf3 b6 16. Nd4 Bb7 17. Qe2 Nc6 18. Nb5 Qb8 19. Rad1 h6 20. Bb1 Ba6 21. Bd3
Na5 22. Qe3 Nb7 23. a4 Nc5 24. Bc2 Nfe4 25. Nd4 Qc7 26. b4 Nd7 27. Nxd7 Qxd7 28.
Bxe4 dxe4 29. Qxe4 Bb7 30. Qe3 Qd5 31. f3 Qc4 32. Rc1 Rfd8 33. Qe2 Qd5 34. Qe3
a5 35. b5 Rc4 36. Ra1 Qc5 37. Rec1 Rc8 38. Kf2 Rxc3 39. Rxc3 Qxc3 40. Qxc3 Rxc3
41. h4 Bd5 42. Ne2 Rc2 43. Ke3 f6 44. Nd4 Rc3+ 45. Kd2 Rc4 46. Ke3 e5 47. fxe5
fxe5 48. Nf5 Rc3+ 49. Kd2 Rxf3 50. Ne7+ Kf7 51. Nxd5 Ke6 52. Nxb6 Rxg3 53. Nc4
Kd5 54. Nxa5 e4 55. b6 Rg2+ 56. Ke3 Rg3+ 57. Kf4 Rf3+ 58. Kg4 Rf8 59. b7 Rb8 60.
Rb1 Kd4 61. Nc6+ Kd3 62. Nxb8 e3 63. Nc6 e2 64. b8=Q e1=Q 65. Qb3+ Ke4 66. Qe6+
Kd3 67. Rxe1 Kc3 68. Qe3+ 1-0

[Event "Women's Speed Chess Q7"]
[Site "chess.com INT"]
[Date "2021.06.06"]
[Round "18"]
[White "Nikolova, Adriana"]
[Black "Golubenko, Valentina"]
[Result "1-0"]
[WhiteTitle "WGM"]
[BlackTitle "WGM"]
[WhiteElo "2243"]
[BlackElo "2209"]
[WhiteFideId "2908689"]
[BlackFideId "4501993"]
[EventDate "2021.06.06"]

1. e4 e6 2. d4 d5 3. Nd2 c5 4. exd5 exd5 5. Ngf3 Nf6 6. Bb5+ Bd7 7. Bxd7+ Nbxd7
8. O-O Be7 9. dxc5 Nxc5 10. c3 O-O 11. Re1 Nce4 12. Nf1 Bd6 13. Be3 Qc7 14. Bd4
Rad8 15. Qb3 b6 16. Rad1 Rfe8 17. Ng3 h6 18. Nf5 Bc5 19. Ne3 Qf4 20. Bxc5 bxc5
21. Nxd5 Nxd5 22. Rxd5 Nf6 23. Rxe8+ Rxe8 24. Rd1 Qe4 25. h3 Qe2 26. Re1 Qd3 27.
Rxe8+ Nxe8 28. Qb8 Qd7 29. Ne5 Qe7 30. Nc6 Qd7 31. Nxa7 Kh7 32. Nb5 Qd1+ 33. Kh2
Nf6 34. Qf4 Qc2 35. b3 Qxa2 36. Qf5+ Kg8 37. Qxc5 Qxb3 38. Qc8+ Kh7 39. Nd4 Qd5
40. Qf5+ Qxf5 41. Nxf5 Kg6 42. Ne3 Ne4 43. c4 f5 44. f3 Nc5 45. Kg3 Kf6 46. Kf2
g5 47. g3 Ke5 48. g4 f4 49. Nf5 h5 50. Ng7 hxg4 51. fxg4 Kd4 52. Kf3 Kxc4 53. h4
gxh4 54. Kxf4 h3 55. Kg3 h2 56. Kxh2 Kd5 57. Kg3 Ke5 58. Kh4 Ne4 59. Nh5 Nf6 60.
Nxf6 Kxf6 61. Kh5 Kg7 62. Kg5 Kg8 63. Kg6 Kh8 64. Kf7 Kh7 65. g5 Kh8 66. Kg6 Kg8
67. Kh6 Kf7 68. g6+ Kg8 69. g7 Kf7 70. Kh7 1-0

[Event "Women's Speed Chess Q7"]
[Site "chess.com INT"]
[Date "2021.06.06"]
[Round "18"]
[White "Mohota, Nisha"]
[Black "Kanyamarala, Trisha"]
[Result "0-1"]
[WhiteTitle "IM"]
[BlackTitle "WIM"]
[WhiteElo "2195"]
[BlackElo "2180"]
[WhiteFideId "5004330"]
[BlackFideId "45004722"]
[EventDate "2021.06.06"]

1. b3 g6 2. Bb2 Nf6 3. Nf3 Bg7 4. g3 d5 5. c4 c6 6. Bg2 O-O 7. O-O Nbd7 8. d4
Ne4 9. Nfd2 f5 10. e3 e6 11. f3 Nef6 12. Nc3 Re8 13. e4 dxe4 14. fxe4 Nb6 15.
Ne2 Ng4 16. Rf3 e5 17. d5 cxd5 18. cxd5 Bh6 19. Nf1 Qc7 20. Rc1 Qd6 21. Rc2 fxe4
22. Rfc3 Nxd5 23. Bxe4 Qb6+ 24. Rc5 Nde3 25. Bd5+ Be6 26. Nxe3 Nxe3 27. Bxe6+
Rxe6 28. Qc1 Nxc2 29. Qxc2 Rc8 30. b4 Be3+ 31. Kg2 Bxc5 32. bxc5 Rxc5 33. Qd2
Qc6+ 34. Kg1 Rd6 35. Qe3 Re6 36. Ba3 Rc3 37. Qxa7 Rc2 38. Qa8+ Re8 39. Qa5 b6
40. Qb4 Rxe2 41. Qb3+ Qe6 42. Qxe6+ Rxe6 43. Kf1 Kf7 44. Kxe2 Rc6 45. Ke3 Ke6
46. Ke4 Rc3 47. Bb2 Rc2 48. Ba3 Re2+ 49. Kd3 Rxa2 50. Bb4 Rxh2 51. Bc3 Kd5 52.
Bb4 e4+ 53. Ke3 b5 54. Be7 h5 55. Bf8 Rg2 56. Kf4 Re2 57. Kg5 Rf2 58. Kxg6 Rxf8
59. Kxh5 Rf3 60. g4 b4 61. g5 b3 62. g6 b2 63. g7 Rg3 64. g8=Q+ Rxg8 65. Kh6
b1=Q 66. Kh7 Rg5 67. Kh6 Rg3 68. Kh7 Qh1# 0-1

[Event "Women's Speed Chess Q7"]
[Site "chess.com INT"]
[Date "2021.06.06"]
[Round "18"]
[White "Corrales Jimenez, Zenia"]
[Black "Szente Varga, Fruzsina"]
[Result "0-1"]
[WhiteTitle "WIM"]
[BlackTitle "WFM"]
[WhiteElo "2189"]
[BlackElo "2100"]
[WhiteFideId "3506355"]
[BlackFideId "712264"]
[EventDate "2021.06.06"]

1. e4 e5 2. Nf3 Nc6 3. d4 exd4 4. Bc4 Bc5 5. c3 dxc3 6. Nxc3 d6 7. O-O Nge7 8.
Ng5 O-O 9. Qh5 h6 10. Nxf7 Rxf7 11. Qxf7+ Kh8 12. Nd5 Ne5 13. Qh5 Nxc4 14. Bxh6
Nxd5 15. Bg5+ Kg8 16. Bxd8 Bd7 17. Qxd5+ Kh7 18. Qxc4 Rxd8 19. e5 Bb6 20. Qh4+
Kg6 21. Qxd8 Bc6 22. Qd7 Bxd7 23. exd6 cxd6 24. Rfd1 Bc5 25. Rd3 Bc6 26. Rg3+
Kf6 27. Re1 a5 28. h4 Bd4 29. Rg4 Bxb2 30. Rf4+ Kg6 31. g4 Be5 32. h5+ Kg5 33.
Rf7 g6 34. h6 Kxh6 35. f4 Bxf4 36. Rxf4 Kg5 37. Rd4 d5 38. Rc1 a4 39. Kf2 Kf6
40. Kg3 Ke5 41. Rd2 d4 42. g5 Ke4 43. Rc5 d3 44. Kf2 Bd7 45. Rc1 Bf5 46. Re1+
Kd4 47. Kf3 Kc3 48. Red1 b5 49. Kf4 b4 50. Ke3 b3 51. Rxd3+ Bxd3 52. Rxd3+ Kb2
53. axb3 a3 54. Kd2 a2 55. Ke2 a1=Q 56. Rd2+ Kxb3 57. Rd3+ Kc4 58. Re3 Qb2+ 59.
Kf3 Qb5 60. Re4+ Kd3 61. Kf4 Qb8+ 62. Kf3 Qd8 63. Rf4 Qxg5 64. Rg4 Qf5+ 65. Kg3
g5 66. Kh3 Qf3+ 67. Rg3 Ke3 68. Kh2 g4 69. Rxf3+ Kxf3 70. Kh1 Kf2 71. Kh2 g3+
72. Kh1 g2+ 73. Kh2 g1=Q+ 0-1

[Event "Women's Speed Chess Q7"]
[Site "chess.com INT"]
[Date "2021.06.06"]
[Round "18"]
[White "Avramidou, Anastasia"]
[Black "Eswaran, Ashritha"]
[Result "1-0"]
[WhiteTitle "FM"]
[BlackTitle "WIM"]
[WhiteElo "2238"]
[BlackElo "2244"]
[WhiteFideId "4239873"]
[BlackFideId "2080788"]
[EventDate "2021.06.06"]

1. d4 Nf6 2. c4 g6 3. Nc3 Bg7 4. e4 d6 5. Bd3 c5 6. d5 Nbd7 7. Nge2 h5 8. f4 h4
9. h3 Nh5 10. Be3 Ng3 11. Nxg3 hxg3 12. Qf3 Qa5 13. Bd2 Bf6 14. O-O Kf8 15. Qxg3
Bd4+ 16. Kh1 Qb4 17. Rab1 Nb6 18. a3 Qb3 19. e5 Nxc4 20. Bxc4 Qxc4 21. e6 fxe6
22. Qxg6 Rg8 23. Qh6+ Bg7 24. Qh4 Bxc3 25. Bxc3 Qxd5 26. Rf2 Qf5 27. Re1 b6 28.
Qh6+ Ke8 29. Kh2 Bb7 30. Qxe6 Qxe6 31. Rxe6 Kf7 32. f5 Bd5 33. Re3 Rg5 34. g4
Rh8 35. Kg3 Rhg8 36. Kf4 e5+ 37. fxe6+ Bxe6 38. Kg3+ Ke7 39. Rfe2 R5g6 40. Rf2
Kd7 41. Rf6 d5 42. Rxg6 Rxg6 43. Be5 d4 44. Re1 Kc6 45. Kf4 Kd5 46. Bb8 c4 47.
Re5+ Kc6 48. Re1 d3 49. Ke3 Kd5 50. Kd2 Rf6 51. Kc3 Rf2 52. Rc1 a5 53. g5 Bf5
54. h4 Bg6 55. Ba7 Kc6 56. Bb8 d2 57. Rd1 Rf3+ 58. Kxd2 Rh3 59. Kc1 Rxh4 60.
Rd6+ Kb7 61. Rxg6 Kxb8 62. Kc2 Rg4 63. Rxb6+ Kc7 64. Rg6 Kd7 65. Kc3 a4 66. Ra6
Rxg5 67. Rxa4 Rg4 68. Rxc4 Rg2 69. b3 Kd6 70. Kb4 Kd5 71. a4 Rg8 72. Rc7 Rb8+
73. Kc3 Kd6 74. Rc4 Kd5 75. b4 Rf8 76. Rc5+ Kd6 77. Kc4 Rf4+ 78. Kb5 Rf7 79. a5
Rb7+ 80. Kc4 Rb8 81. a6 Rb6 82. b5 Rb8 83. Kb4 Ra8 84. Rc6+ Kd7 85. Kc5 Rb8 86.
b6 Ra8 87. Rc7+ Kd8 88. a7 Ke8 89. Kc6 Rd8 90. b7 1-0

[Event "Women's Speed Chess Q7"]
[Site "chess.com INT"]
[Date "2021.06.06"]
[Round "18"]
[White "Zhou, Qiyu"]
[Black "Obregon Garcia, Roxangel"]
[Result "1-0"]
[WhiteTitle "FM"]
[BlackTitle "WIM"]
[WhiteElo "2229"]
[BlackElo "2167"]
[WhiteFideId "505161"]
[BlackFideId "3520420"]
[EventDate "2021.06.06"]

1. e4 c5 2. Nf3 Nc6 3. d4 cxd4 4. Nxd4 Nf6 5. Nc3 e6 6. a3 Be7 7. Be3 d5 8. exd5
exd5 9. Bd3 O-O 10. O-O Ne5 11. Nf5 Bxf5 12. Bxf5 Nc4 13. Bc1 Qd6 14. h3 Rfd8
15. b3 Qe5 16. Qd3 Nd6 17. Bg4 Nxg4 18. hxg4 d4 19. Ne2 Ne4 20. Bf4 Qd5 21. Ng3
Nc3 22. Nf5 Bf6 23. g5 Ne2+ 24. Qxe2 Qxf5 25. gxf6 Qxf4 26. fxg7 Kxg7 27. Rfe1
Re8 28. Qxe8 Rxe8 29. Rxe8 Qd2 30. Rc8 d3 31. cxd3 Qxd3 32. Rac1 Qxb3 33. R1c3
Qb1+ 34. Kh2 b5 35. Rg3+ Kf6 36. Rc6+ Ke5 37. Rgc3 a5 38. R6c5+ Kd4 39. Rc8 b4
40. axb4 axb4 41. R3c4+ Kd3 42. R4c7 b3 43. Rd7+ Ke2 44. Re8+ Kf1 45. Rb7 b2 46.
Reb8 Qg6 47. Rxb2 Qh6+ 48. Kg3 Qg5+ 49. Kf3 Qf5+ 50. Kg3 Qe5+ 51. Kf3 Qd5+ 52.
Kg3 Qd6+ 53. Kf3 Qf6+ 54. Kg3 Qg7+ 55. Kf3 Qf6+ 56. Ke3 h5 57. g3 Qe5+ 58. Kf3
Qd5+ 59. Ke3 Kg2 60. Kf4 Qd6+ 61. Kg5 Qe5+ 62. Kh6 Qf6+ 63. Kxh5 Qg6+ 64. Kh4 f6
65. R2b5 f5 66. Rh8 Qf6+ 67. Kh5 Qxh8+ 68. Kg5 Qg8+ 69. Kf4 Qf7 70. Rxf5 Qc7+
71. Kg5 Qg7+ 72. Kf4 Kxf2 73. Rg5 Qf6+ 74. Rf5 Qg6 75. g4 Qd6+ 76. Kg5+ Kg3 77.
Kh5 Qd4 78. Rg5 Qh8+ 79. Kg6 Qg8+ 80. Kf5 Qf7+ 81. Ke5 Qe7+ 82. Kf5 Qc5+ 83. Kg6
Qd6+ 84. Kf5 Qf8+ 85. Kg6 Qe8+ 86. Kf5 Kh4 87. Rh5+ Kg3 88. Rg5 Qf8+ 89. Kg6
Qd6+ 90. Kf5 Qd5+ 91. Kg6 Qe6+ 92. Kh5 Kf4 93. Rf5+ 1-0

[Event "Women's Speed Chess Q7"]
[Site "chess.com INT"]
[Date "2021.06.06"]
[Round "18"]
[White "Vo, Thi Kim Phung"]
[Black "Ambartsumova, Karina"]
[Result "1-0"]
[WhiteTitle "WGM"]
[BlackTitle "IM"]
[WhiteElo "2335"]
[BlackElo "2382"]
[WhiteFideId "12401838"]
[BlackFideId "4166299"]
[EventDate "2021.06.06"]

1. d4 Nf6 2. c4 e6 3. Nc3 d5 4. cxd5 exd5 5. Bg5 c6 6. e3 Be7 7. Bd3 Nbd7 8. Qc2
h6 9. Bh4 Nh5 10. Bxe7 Qxe7 11. Nge2 Nb6 12. h3 Bd7 13. O-O-O O-O-O 14. Kb1 Kb8
15. Rc1 Rc8 16. Bf5 Nf6 17. Bxd7 Nfxd7 18. Ng3 g6 19. Na4 Nxa4 20. Qxa4 Nb6 21.
Qc2 h5 22. Ne2 Qg5 23. Nf4 Qe7 24. Nd3 Nc4 25. Rhd1 h4 26. Nc5 Ka8 27. Ka1 Nd6
28. Qb3 Rhe8 29. Rc2 b6 30. Nd3 f6 31. Rdc1 Nc4 32. Nb4 Qb7 33. Qd3 f5 34. b3
Na5 35. Rc3 Red8 36. Qc2 Rd6 37. Nd3 Rc7 38. Ne5 Rc8 39. f4 Rc7 40. b4 Nc4 41.
Nxc4 dxc4 42. Rxc4 Kb8 43. Qd3 a6 44. R4c3 Re6 45. a3 Rce7 46. Qd2 Qd7 47. Qe2
Kb7 48. Qd2 Qd5 49. Re1 Re4 50. Rec1 R7e6 51. R1c2 Qd7 52. Qc1 Qd5 53. Kb2 Qd7
54. Qd2 Rd6 55. Qf2 Qe7 56. Qd2 Qd7 57. Qc1 Rde6 58. Qd2 Qd5 59. Rd3 Qd7 60. d5
Qg7+ 61. Kb1 cxd5 62. Rxd5 Re7 63. Rd6 Rxe3 64. Qd5+ Ka7 65. Qc6 Re1+ 66. Ka2
Qa1+ 67. Kb3 R1e3+ 68. Rc3 Rxc3+ 69. Qxc3 Qb1+ 70. Ka4 Qe4 71. Qc6 Qxc6+ 72.
Rxc6 Rg7 73. b5 Kb7 74. Rf6 a5 75. Kb3 g5 76. Rxf5 gxf4 77. Rxf4 Rxg2 78. Rxh4
Rg3+ 79. Kb2 Kc7 80. a4 Rg2+ 81. Kc3 Rg3+ 82. Kd4 Rb3 83. Kd5 Ra3 84. Rh7+ Kd8
85. Kd6 Ke8 86. Kc6 Rxa4 87. Kxb6 Ra1 88. h4 a4 89. h5 a3 90. Ra7 a2 91. h6 Rh1
92. Rxa2 Rxh6+ 93. Ka7 Rh7+ 94. Ka6 Kd8 95. Rc2 Rc7 96. Rxc7 Kxc7 97. Ka7 Kc8
98. b6 Kd7 99. b7 Kc7 100. b8=Q+ 1-0

[Event "Women's Speed Chess Q7"]
[Site "chess.com INT"]
[Date "2021.06.06"]
[Round "19"]
[White "Cori T., Deysi"]
[Black "Antolak, Julia"]
[Result "1-0"]
[WhiteTitle "WGM"]
[BlackTitle "WIM"]
[WhiteElo "2388"]
[BlackElo "2309"]
[WhiteFideId "3801934"]
[BlackFideId "1159569"]
[EventDate "2021.06.06"]

1. Nf3 Nf6 2. b3 g6 3. Bb2 Bg7 4. g3 c5 5. Bg2 O-O 6. O-O d5 7. e3 Nc6 8. a3 Bg4
9. d4 cxd4 10. exd4 Qd7 11. Nbd2 Bh3 12. Ne5 Nxe5 13. dxe5 Ne8 14. Qf3 Bxg2 15.
Qxg2 Rc8 16. c4 dxc4 17. Nxc4 Qc6 18. Rac1 Qxg2+ 19. Kxg2 Nc7 20. Na5 b6 21. Nc6
Nd5 22. Rfd1 e6 23. Rxd5 exd5 24. Ne7+ Kh8 25. Rxc8 Rxc8 26. Nxc8 a5 27. Nxb6
Bf8 28. Nxd5 1-0

[Event "Women's Speed Chess Q7"]
[Site "chess.com INT"]
[Date "2021.06.06"]
[Round "19"]
[White "Kanyamarala, Trisha"]
[Black "Von Herman, Brigitte"]
[Result "1-0"]
[WhiteTitle "WIM"]
[BlackTitle "WFM"]
[WhiteElo "2180"]
[BlackElo "1991"]
[WhiteFideId "45004722"]
[BlackFideId "4628730"]
[EventDate "2021.06.06"]

1. e4 e5 2. Nf3 Nc6 3. Bc4 Nf6 4. d3 Bc5 5. O-O d6 6. c3 a6 7. a4 Ba7 8. Nbd2 h6
9. h3 O-O 10. Re1 Nh5 11. Nf1 Qf6 12. Be3 Nf4 13. Bxf4 Qxf4 14. d4 Re8 15. Ng3
Ne7 16. Nh5 Qxf3 17. Qxf3 Rf8 18. Qg3 Kh8 19. Qxg7# 1-0

[Event "Women's Speed Chess Q7"]
[Site "chess.com INT"]
[Date "2021.06.06"]
[Round "19"]
[White "Vine, Elzbieta"]
[Black "Obregon Garcia, Roxangel"]
[Result "0-1"]
[WhiteTitle "WFM"]
[BlackTitle "WIM"]
[WhiteElo "2138"]
[BlackElo "2167"]
[WhiteFideId "1119320"]
[BlackFideId "3520420"]
[EventDate "2021.06.06"]

1. e4 c5 2. Nc3 Nc6 3. f4 g6 4. Nf3 Bg7 5. Bc4 e6 6. O-O Nge7 7. f5 d5 8. fxg6
hxg6 9. exd5 exd5 10. Bd3 O-O 11. Ng5 Ne5 12. Be2 Bf5 13. d4 cxd4 14. Nb5 Qb6
15. Kh1 d3 16. cxd3 Qxb5 17. d4 Nc4 18. b3 Qc6 19. bxc4 dxc4 20. Bb2 Rad8 0-1